000 01325njm a22003017a 4500
005 20100914124112.0
006 a|||||r|||||00| 0
007 sd ammalaaahaa
008 100910t xxu||||| |||| 00| 0 eng d
028 _aEALP.4065
_bEMI
035 _aGR-02501
040 _aSED
_cSED
100 _aMahboob
_919365
245 _aAnmol Ghadi /
_cby Mahboob Productions ;sung by Noor Jehan; Music by Naushad ; Lyric by Tanvir Naqvi
_h[sound recording] :
246 _aअनमोल घडी /
260 _aDum Dum, India
_bEMI
_c1975
300 _a1 sound disc [Gramophone Recording] :
_banalog, 33 1/3 rpm
_c12.5 in. (LP)
_fGramaphone Records
500 _aBrief record
500 _aRecord Lebels : EMI, Red
505 _aSide-1 जवान है मोहब्बत हसीं है ज़माना ( Jawan hai Mohabbat hasin hai zamana) (Noor Jehan) Side-2 आजा मेरी बर्बाद मोहब्बत के सहारे (aaja meri barbad mohabbat ke sahare) (Noor Jehan).
600 _aNoor Jehan
_919611
650 _2Excerpts.
_aFilm Song
_bIndia
_919366
700 _a Naushad
_919943
700 _a Noor Jehan
_919988
700 _aTanvir Naqvi
_919987
942 _2ddc
_cGR
999 _c45684
_d45684